| 000 | 01441nam a2200265Ia 4500 | ||
|---|---|---|---|
| 003 | OSt | ||
| 005 | 20221012162454.0 | ||
| 008 | 191128t1997 ck a br 000 fdspa d | ||
| 020 | _a9583001856 | ||
| 040 |
_aCO-JMCR _cCO-JMCR |
||
| 041 | 1 |
_aspa _hfre |
|
| 082 | 0 | 4 |
_aN / _bSAIp2 |
| 100 | 1 |
_aSaint-Exupéry, Antoine de, _91465 _eautor |
|
| 245 | 1 | 3 |
_aEl principito / _cAntoine de Saint-Exupéry ; traducción Lirca Vallés |
| 250 | _aTercera edición | ||
| 260 |
_aBogotá : _bPanamericana, _c©1997 |
||
| 300 |
_a124 páginas : _bilustraciones a blanco y negro ; _c20 cm. |
||
| 490 | 0 | _aColección Corcel | |
| 500 | _aTítulo original: Le petit prince Incluye datos biográficos del autor en solapa. | ||
| 520 | 3 | _aEl principito habita un pequeñísimo asteroide que comparte con una flor caprichosa y tres volcanes. La relación con la flor se torna tirante y finalmente no se hablan; por lo cual se siente muy solo. Un día decide que necesita un amigo y abandona el planeta. Recorre varios planetas habitados por un rey, un vanidoso, un borracho, un hombre de negocios, un farolero y un geógrafo. Al principito estas personas le parecen muy serias y prosigue su búsqueda. Llega al planeta Tierra, en donde entra en contacto con el aviador que también sufre de soledad. | |
| 546 | _aTraducido del francés. | ||
| 650 | 1 | 4 |
_aNovela infantil francesa _91467 |
| 700 | 1 |
_aVallés, Lirca, _etraductora _93540 |
|
| 942 |
_2ddc _cBK |
||
| 999 |
_c4402 _d4402 |
||